• 首页
  • 本馆介绍
  • 公告通知
  • 最新文献
  • 馆藏检索
  • 电子资源
  • 读者导购
  • 参考咨询
  • 我的图书馆
  • 登录
  • 详细信息显示
  • 放入我的书架
  • 预约/预借图书
  • 作者相关作品
  • 分类相关作品
  • 丛书相关作品
  • 出版社相关作品

书目信息

  • 表格格式
  • 工作单格式
  • 卡片格式
书名: A vector approach to Euclidean geometry
作者: [by] Herbert E. Vaughan & Steven Szabo.
分册号:
分册名:
出版地: [Urbana, Ill.] :
 
出版社: University of Illinois Committee on School Mathematics
出版时间: [1971-.
页数: v. :
开本: 25 cm.
丛书名:
中图分类号:
科图分类号:
其他分类号: O183:H31
主题词:
电子资源:
000 00845cam 2200229 4504
001 E0760154055
005 20070225164253.03
008 030919m19719999ilua 00110 eng
010    @a74029592
040    @aDLC@cDLC@dOSS
090    @aP123/W9
090    @aO183:H31
099    @dO183:H31@ex37
100 1  @aVaughan, Herbert Edward,@d1911-
245 12 @aA vector approach to Euclidean geometry :@bvector spaces and affine geometry / @c[by] Herbert E. Vaughan & Steven Szabo.
260    @a[Urbana, Ill.] :@bUniversity of Illinois Committee on School Mathematics,@c[1971-.
300    @av. :@billus. ;@c25 cm.
599    @aLib. has:v.1.
650  0 @aGeometry, Affine.
650  0 @aVector spaces.
700 1  @aSzabo, Steven,@ejoint author.
710 2  @aIllinois.@bUniversity at Urbana-Champaign.@bCommittee on School Mathematics.
    
    A vector approach to Euclidean geometry : : vector spaces and affine geometry / / [by] Herbert E. Vaughan & Steven Szabo.-[Urbana, Ill.] : : University of Illinois Committee on School Mathematics, , [1971-.
    v. : : illus. ; ; 25 cm.
    Lib. has:v.1.
    
    ISBN
    
●
相关链接 在E读中查询图书 在五车中查询图书 在当当中查询图书 在豆瓣中查询图书


正题名:vector approach to Euclidean geometry     索取号:O183:H31/x37         预约/预借

序号 登录号 条形码 馆藏地/架位号 状态 备注
1 49256   000452557   第四借阅区/ [索取号:O183:H31/x37] 在馆    
唐山师范学院图书馆 欢迎您!
大连网信软件有限公司© 版权所有